000 01884nam a2200541 i 4500
001 nkc20243660985
003 CZ PrSKC
005 20260428163849.0
007 ta
008 241212s2024 xr g 000 p cze
015 _acnb003660985
020 _a9788076220355
_q(vázáno)
035 _a(OCoLC)1505964874
040 _aABG001
_bcze
_dBOA001
_erda
072 7 _a821.162.3-1
_xČeská poezie
_2Konspekt
080 _a821.162.3-1
_2MRF
080 _a(0:82-1)
_2MRF
100 1 _aDoležal, Miloš,
_d1970-
_4aut
245 1 0 _aČeská litanie /
_cMiloš Doležal
264 1 _aPraha :
_bRevolver Revue,
_c2024
300 _a93 stran :
_bilustrace (převážně barevné) ;
_c21 cm
336 _atext
_btxt
_2rdacontent
337 _abez média
_bn
_2rdamedia
338 _asvazek
_bnc
_2rdacarrier
490 1 _aRevolver Revue ;
_vsv. 152
520 2 _aSbírka Česká litanie svérázným způsobem připomíná vybrané aktéry zdejší kultury a novodobé historie.
_bLiteráti, výtvarníci či hudebníci se v ní potkávají s faráři, politiky a ornitologem, hrdinové s padouchy a oběti s fízly, tragické s komickým, každodenní s mimořádným, vysoké s nízkým. Litanie ve světě této knihy nevylučuje ironii a sarkasmus a básně Miloše Doležala se tu stýkají s jeho dokumentární a badatelskou prací. Nakladatelská anotace.
655 7 _ačeská poezie
_2czenas
655 9 _aCzech poetry
_2eczenas
830 0 _aRevolver Revue
900 _b19
910 _aABA001
910 _aABA010
910 _aABB060
910 _aABD001
910 _aABE461
910 _aABG001
910 _aBOA001
910 _aCBA001
910 _aHKA001
910 _aJCG001
910 _aKLG001
910 _aOLA001
910 _aPNA001
910 _aULG001
910 _aZLG001
910 _aZRG001
942 _2ddc
_cKNIHA
_n0
999 _c1884
_d1884